| 000 | 00628nam a2200181Ia 4500 | ||
|---|---|---|---|
| 008 | 090123s9999 xx 000 0 und d | ||
| 082 | _b4773 | ||
| 100 | _aमंगळवेढेकर राजा | ||
| 245 | _aलावण्यखणी काश्मिर | ||
| 250 | _a1 | ||
| 260 |
_bसुलभ मुद्रणालय _c1977 |
||
| 300 | _a92 | ||
| 600 | _aमंगळवेढेकर राजा | ||
| 630 | _aलावण्यखणी काश्मिर | ||
| 700 | _aमंगळवेढेकर राजा | ||
| 730 | _aलावण्यखणी काश्मिर | ||
| 942 | _cBOOK | ||
| 999 |
_c42848 _d42848 |
||